| 000 | 01385nam a2200397 i 4500 | ||
|---|---|---|---|
| 001 | 8432 | ||
| 003 | KOSZ 005 | ||
| 005 | 20220608124029.0 | ||
| 008 | 070927s1968 pl a f f 000 0 pol | ||
| 015 | _aPB 1968/5607 | ||
| 040 |
_aWA N _cWA N _dKOSZ 005/RW _dKOSZ 005/HR |
||
| 041 | 1 |
_apol _hger |
|
| 046 | _k1968 | ||
| 080 | _a62-5 | ||
| 080 | _a681.5 | ||
| 100 | 1 |
_aKindler, Heinrich _eAutor |
|
| 245 | 1 | 0 |
_aZadania z techniki regulacji automatycznej / _cH. Kindler, H. Buchta, H. Wilfert ; tł. Andrzej Grützmacher. |
| 246 | 1 |
_iTyt. oryg.: _aAufgabensammlung zur Regelungstechnik. |
|
| 260 |
_aWarszawa : _bWydawnictwa Naukowo-Techniczne, _c1968. |
||
| 300 |
_a209, [2] s., [5] k. tabl. : _bil. ; _c25 cm + _eDodatek : 16 s. |
||
| 380 | _aKsiążki | ||
| 388 | _a1901-2000 | ||
| 388 | _a1945-1989 | ||
| 504 | _aBibliogr. s. 209-[210]. | ||
| 650 | 4 | _aAutomatyka | |
| 650 | 4 | _aSterowanie | |
| 650 | 4 | _aUrządzenia sterujące | |
| 655 | 4 | _aĆwiczenia i zadania | |
| 658 | _aInżynieria i technika | ||
| 700 | 1 |
_aBuchta, Helmut _eAutor |
|
| 700 | 1 |
_aWilfert, Hans _eAutor |
|
| 700 | 1 |
_aGrützmacher, Andrzej _eTłumaczenie |
|
| 710 | 2 |
_aWydawnictwa Naukowo-Techniczne _4pbl. |
|
| 856 |
_uhttp://koha.tu.koszalin.pl/cgi-bin/koha/opac-detail.pl?biblionumber=8432 _yKatalog online BPK |
||
| 942 |
_2UKD _cKS |
||
| 999 |
_c8432 _d8432 |
||